Biblioteca da Unidade Pastoral de Sintra

Vaticano II ,um espírito novo (Registo nº 1401)

000 -Record Label
fixed length control field 00555nam 2200157 4500
100 ## - General Processing Data
General Processing Data 20170113d m||y0pory50 ba
200 ## - Title and Statement of Responsibility
Title Proper Vaticano II ,um espírito novo
Other Title Information a primeira sessão do concílio
First Statement of Responsibility Seminário das Missões
210 ## - Publication, Distribution, etc.
Place of Publication, Distribution, etc. Cucujães
Name of Publisher, Distributor, etc. Seminário das Missões
Date of Publication, Distribution, etc. [s.d.]
215 ## - Physical Description
Specific Material Designation and Extent of Item 122,[13]p.
Dimensions 21cm
225 ## - Series
Series Title Igreja e Missão (número extraordinário)
Parallel Series Title Revista missionária de cultura e actualidade
Volume Designation 11
600 ## - Personal Name Used as Subject
Entry Element Seminário das Missões
601 ## - Corporate Body Name Used as Subject
Entry Element Seminário das Missões
675 ## - Universal Decimal Classification (UDC)
Number 262.5
Edition UPS
Language of Edition por
090 ## - System Control Numbers (Koha)
Koha biblioitem number (autogenerated) 1401
942 ## - ADDED ENTRY ELEMENTS (KOHA)
Koha item type Books
Exemplares
Origin of item (home branch) (free text) Type of item and material Lost status Lending or holding organisation (holding branch) code Call number (full call number) Withdrawn status Origin of item (home branch (coded) Barcode Coded location qualifier Circulation type (not for loan)
UPSBooks Biblioteca da Unidade Pastoral de Sintra262.5 VAT 1129 Biblioteca da Unidade Pastoral de Sintra11292017-01-13 

Powered by Koha